000 00315nam a22001337a 4500
008 170315b xxu||||| |||| 00| 0 eng d
020 _a9780321765598
041 _aeng
080 _23 ED
_a611
100 _a7
101 _aSHM
245 _aHUMNA ANATOMY OHYSIOLOGY LABORATORY MANUAL
_cMARIEB.E.N
942 _2udc
_cBK
999 _c7849
_d7849